[Event "NCL978 Richmond-BCM"]
[Site "Rd8"]
[Date "1998.03.22"]
[Round "8.5"]
[White "Hinks-Edwards, Tom"]
[Black "Cafferty, Bernard"]
[Result "1-0"]
[WhiteElo "2260"]
[BlackElo "2200"]
[PlyCount "49"]
[EventDate "1998.03.22"]

1. e4 e6 2. d4 d5 3. Nc3 Bb4 4. e5 c5 5. Bd2 Ne7 6. dxc5 Ng6 7. Qg4 Nc6 8. f4
Bxc5 9. Nf3 Bd7 10. Bd3 Nb4 11. h4 h5 12. Qg5 Nxd3+ 13. cxd3 Qb6 14. f5 Ne7 15.
fxe6 fxe6 16. d4 Bxd4 17. Qxg7 Rg8 18. Qh7 Rxg2 19. Qh8+ Kf7 20. Ng5+ Rxg5 21.
Qf6+ Ke8 22. hxg5 Bxc3 23. bxc3 Nf5 24. g6 Ne3 25. g7 1-0

[Event "NCL978 Richmond-BCM"]
[Site "Rd8"]
[Date "1998.03.22"]
[Round "8.6"]
[White "Bellin, Jana"]
[Black "Franklin, Michael"]
[Result "1/2-1/2"]
[WhiteElo "2175"]
[BlackElo "2195"]
[PlyCount "46"]
[EventDate "1998.03.22"]

1. d4 Nf6 2. c4 e6 3. Nf3 Bb4+ 4. Nbd2 O-O 5. a3 Bxd2+ 6. Qxd2 b6 7. e3 Bb7 8.
Be2 d6 9. b3 Nbd7 10. Bb2 Qe7 11. O-O Ne4 12. Qc2 f5 13. b4 c5 14. bxc5 bxc5
15. dxc5 Ndxc5 16. Bd4 e5 17. Bxc5 Nxc5 18. Nd2 Bc6 19. Qc3 f4 20. exf4 Rxf4
21. Rae1 Qf7 22. Nb3 Nxb3 23. Qxb3 Rf8 1/2-1/2

[Event "NCL978 Richmond-BCM"]
[Site "Rd8"]
[Date "1998.03.22"]
[Round "8.7"]
[White "Phillips, Roy"]
[Black "Anderton, David"]
[Result "1-0"]
[WhiteElo "2230"]
[BlackElo "2200"]
[PlyCount "63"]
[EventDate "1998.03.22"]

1. d4 Nf6 2. Nf3 e6 3. g3 c5 4. c4 d5 5. cxd5 exd5 6. Bg2 Nc6 7. O-O Be6 8. Nc3
Be7 9. Bg5 cxd4 10. Nxd4 h6 11. Bxf6 Bxf6 12. Nxe6 fxe6 13. e4 d4 14. Qh5+ Kf8
15. Ne2 Qe8 16. Qb5 Kg8 17. e5 Nxe5 18. Qxb7 Rb8 19. Qxa7 Rxb2 20. Nxd4 Nf7 21.
Rfe1 Rd2 22. Rxe6 Qf8 23. Rxf6 gxf6 24. Rb1 Qd6 25. Qa8+ Nd8 26. Bd5+ Kh7 27.
Qa7+ Kg6 28. Be4+ f5 29. Nxf5 Qe5 30. Rb6+ Ne6 31. Rxe6+ Qxe6 32. Qg7+ 1-0

[Event "NCL978 Richmond-BCM"]
[Site "Rd8"]
[Date "1998.03.22"]
[Round "8.8"]
[White "Edwards, Ray"]
[Black "Bates, Ruth"]
[Result "1-0"]
[WhiteElo "2080"]
[BlackElo "2060"]
[PlyCount "55"]
[EventDate "1998.03.22"]

1. d4 g6 2. e4 Bg7 3. Nc3 c6 4. g3 d6 5. Bg2 Nf6 6. Nge2 O-O 7. O-O e5 8. h3
Nbd7 9. Be3 Qe7 10. a4 a5 11. Re1 Re8 12. Kh2 h6 13. Qd2 Kh7 14. Rad1 Nf8 15.
f4 Bd7 16. dxe5 dxe5 17. Bb6 exf4 18. gxf4 Qb4 19. Qe3 Ne6 20. e5 Nh5 21. Rxd7
Nhxf4 22. Nxf4 Nxf4 23. Rxf7 Nxg2 24. Kxg2 Kg8 25. e6 Qxb2 26. Rxg7+ Kxg7 27.
Qe5+ Kh7 28. Qc7+ 1-0

[Event "NCL978 SW Dragons-Wood Green"]
[Site "Rd8"]
[Date "1998.03.22"]
[Round "8.1"]
[White "Cooper, John"]
[Black "Emms, John"]
[Result "1/2-1/2"]
[WhiteElo "2335"]
[BlackElo "2560"]
[PlyCount "126"]
[EventDate "1998.03.22"]

1. d4 Nf6 2. c4 e6 3. Nf3 c5 4. d5 d6 5. Nc3 exd5 6. cxd5 g6 7. e4 a6 8. a4 Bg4
9. h3 Bxf3 10. Qxf3 Nbd7 11. Qd1 Bg7 12. Bc4 O-O 13. O-O Ne5 14. Be2 Re8 15. a5
Rc8 16. Ra4 c4 17. Be3 Nfd7 18. f4 Nd3 19. Bxd3 cxd3 20. Qxd3 Nc5 21. Bxc5 Rxc5
22. e5 dxe5 23. f5 Qd7 24. Qe4 Rec8 25. f6 Bf8 26. Rd1 Qc7 27. Kh1 b5 28. axb6
Qxb6 29. Qe2 a5 30. Raa1 Rc4 31. Ne4 Qb4 32. Nc3 Rd4 33. Qxe5 Rxd1+ 34. Rxd1
Qxb2 35. d6 Rxc3 36. d7 Rxh3+ 37. gxh3 Qxe5 38. d8=Q Qe4+ 39. Kg1 a4 40. Kh2 a3
41. Rd2 h5 42. Qb8 Qe3 43. Rd8 Qf2+ 44. Kh1 Qf1+ 45. Kh2 Qf2+ 46. Kh1 Qxf6 47.
Rxf8+ Kg7 48. Rh8 Qf1+ 49. Kh2 Qf2+ 50. Kh1 Qe1+ 51. Kh2 Qd2+ 52. Kh1 Qd5+ 53.
Kh2 Qd2+ 54. Kh1 a2 55. Rg8+ Kh7 56. Rh8+ Kg7 57. Rg8+ Kf6 58. Qb6+ Kf5 59.
Qb5+ Kf4 60. Qa4+ Kg3 61. Qa3+ Kf2 62. Qa7+ Kg3 63. Qa3+ Kf2 1/2-1/2

[Event "NCL978 SW Dragons-Wood Green"]
[Site "Rd8"]
[Date "1998.03.22"]
[Round "8.2"]
[White "Arakhamia, Ketevan"]
[Black "Dineley, Richard"]
[Result "1-0"]
[WhiteElo "2440"]
[BlackElo "2270"]
[PlyCount "129"]
[EventDate "1998.03.22"]

1. e4 c5 2. Nf3 Nc6 3. d4 cxd4 4. Nxd4 Nf6 5. Nc3 d6 6. Bg5 e6 7. Qd2 Be7 8.
O-O-O O-O 9. Nb3 Qb6 10. f3 Rd8 11. Be3 Qc7 12. Qf2 d5 13. exd5 Nxd5 14. Nxd5
exd5 15. g4 Be6 16. Kb1 Na5 17. Nxa5 Qxa5 18. Bd4 Bd7 19. Bd3 Bb5 20. Bf5 Bd7
21. Rhe1 Bf8 22. Qh4 h6 23. Bd3 Bb5 24. Bxb5 Qxb5 25. g5 hxg5 26. Qxg5 Rd6 27.
Rg1 Rg6 28. Qf5 Qc6 29. h4 Qe6 30. Qd3 Rxg1 31. Rxg1 a6 32. a3 Re8 33. h5 Qh3
34. Rg5 Re1+ 35. Ka2 Qe6 36. Qc3 f6 37. Rg6 Rh1 38. Qb3 Rxh5 39. Qxb7 Rh4 40.
c3 Qf7 41. Qxf7+ Kxf7 42. Rg2 Bd6 43. Kb3 Be5 44. Rd2 Bxd4 45. cxd4 g5 46. Kb4
Rh3 47. Rf2 Rh4 48. Rd2 Rh3 49. Rf2 Rh4 50. Kc5 Rf4 51. Kxd5 g4 52. Rg2 gxf3
53. Rf2 Kg6 54. Kc5 Kf5 55. d5 Ke4 56. d6 Rg4 57. d7 Rg8 58. Rf1 Rd8 59. Kd6
Ke3 60. Ke7 Rxd7+ 61. Kxd7 Ke2 62. Rh1 f2 63. Ke6 f1=Q 64. Rxf1 Kxf1 65. b4 1-0

[Event "NCL978 SW Dragons-Wood Green"]
[Site "Rd8"]
[Date "1998.03.22"]
[Round "8.3"]
[White "James, David J"]
[Black "Ward, Chris"]
[Result "0-1"]
[WhiteElo "2255"]
[BlackElo "2480"]
[PlyCount "126"]
[EventDate "1998.03.22"]

1. d4 Nf6 2. c4 e6 3. Nc3 Bb4 4. Qc2 d5 5. cxd5 exd5 6. Bg5 c5 7. a3 Bxc3+ 8.
bxc3 h6 9. Bd2 O-O 10. e3 Ne4 11. Nf3 Bf5 12. Qb2 Nd7 13. Be2 Qc7 14. O-O Rfe8
15. c4 dxc4 16. Bxc4 Bg4 17. Rfc1 Bxf3 18. gxf3 Nxd2 19. Qxd2 Qd6 20. d5 Rad8
21. Be2 Nf6 22. Qa5 b6 23. Qxa7 Nxd5 24. Qa6 Qe5 25. Bf1 Rd6 26. Kh1 Rg6 27.
Qd3 Qh5 28. Bg2 Ree6 29. Rg1 Rd6 30. Qc4 Ne7 31. Rad1 Nf5 32. Rxd6 Rxd6 33. Qg4
Qxg4 34. fxg4 Nh4 35. Be4 Rd2 36. f3 Re2 37. Rd1 g5 38. Kg1 Rxe3 39. Rb1 Nxf3+
40. Bxf3 Rxf3 41. Rxb6 Rxa3 42. Rxh6 Re3 43. Rc6 Re5 44. Kg2 Kf8 45. h4 gxh4
46. Kh3 Ke7 47. Kxh4 Kd7 48. Rf6 Re7 49. g5 Kd8 50. g6 fxg6 51. Rxg6 Kd7 52.
Kg3 Re6 53. Rg5 Kc6 54. Kf3 Kb5 55. Rg8 c4 56. Rb8+ Ka4 57. Rc8 Kb3 58. Rb8+
Kc2 59. Rc8 c3 60. Rc7 Kb2 61. Rb7+ Kc1 62. Rc7 c2 63. Rc8 Rb6 0-1

[Event "NCL978 SW Dragons-Wood Green"]
[Site "Rd8"]
[Date "1998.03.22"]
[Round "8.4"]
[White "Pein, Malcolm"]
[Black "Zeidler, Sven"]
[Result "1-0"]
[WhiteElo "2435"]
[BlackElo "2255"]
[PlyCount "83"]
[EventDate "1998.03.22"]

1. d4 f5 2. Nc3 d5 3. Bf4 Nf6 4. e3 c6 5. Nf3 e6 6. Bd3 Be7 7. h3 Nbd7 8. O-O
Ne4 9. Ne2 Bf6 10. c4 Qe7 11. Rb1 g5 12. Bh2 h5 13. Ne5 Bxe5 14. dxe5 g4 15.
Nf4 Rg8 16. cxd5 exd5 17. f3 g3 18. fxe4 gxh2+ 19. Kxh2 fxe4 20. Qxh5+ Kd8 21.
Bxe4 dxe4 22. e6 Nf6 23. Rfd1+ Kc7 24. Qe5+ Kb6 25. b4 a6 26. a4 Ka7 27. b5
cxb5 28. axb5 b6 29. Rbc1 Rg7 30. Rd6 Rb8 31. Rdc6 Qf8 32. Rc7+ Bb7 33. bxa6
Qh8 34. axb7 Rxc7 35. Qxc7 Ng4+ 36. Kg1 Rxb7 37. Qc3 Ne5 38. Ra1+ Kb8 39. Qa3
Qg7 40. Qa8+ Kc7 41. Rc1+ Nc6 42. e7 1-0

[Event "NCL978 SW Dragons-Wood Green"]
[Site "Rd8"]
[Date "1998.03.22"]
[Round "8.5"]
[White "Saunders, John"]
[Black "Sowray, Peter"]
[Result "1-0"]
[WhiteElo "2225"]
[BlackElo "2350"]
[PlyCount "57"]
[EventDate "1998.03.22"]

1. e4 c5 2. Nf3 Nc6 3. d4 cxd4 4. Nxd4 g6 5. c4 Bg7 6. Be3 Nf6 7. Nc3 Ng4 8.
Qxg4 Nxd4 9. Qd1 e5 10. Bd3 O-O 11. O-O d6 12. Qd2 Be6 13. Rad1 Qa5 14. b3 a6
15. Bxd4 exd4 16. Ne2 Qc5 17. h3 b5 18. cxb5 axb5 19. Bb1 d5 20. Nxd4 Bc8 21.
exd5 Qxd5 22. Rfe1 Ra7 23. Qb4 Rd7 24. Be4 Qh5 25. Nf3 Ra7 26. Re2 Be6 27. Red2
Bf6 28. Bc6 Rb8 29. Qf4 1-0

[Event "NCL978 SW Dragons-Wood Green"]
[Site "Rd8"]
[Date "1998.03.22"]
[Round "8.6"]
[White "Poulton, James"]
[Black "Spice, Alan"]
[Result "1-0"]
[WhiteElo "2365"]
[BlackElo "2190"]
[PlyCount "31"]
[EventDate "1998.03.22"]

1. d4 d5 2. c4 e5 3. dxe5 d4 4. Nf3 Nc6 5. g3 Be6 6. Nbd2 Qd7 7. Bg2 O-O-O 8.
O-O h5 9. b4 Bxb4 10. Qa4 Bh3 11. e6 Bxe6 12. Rb1 Bh3 13. Ne5 Nxe5 14. Bxb7+
Kxb7 15. Qxb4+ Kc6 16. Ba3 1-0

[Event "NCL978 SW Dragons-Wood Green"]
[Site "Rd8"]
[Date "1998.03.22"]
[Round "8.7"]
[White "Richmond, Jane"]
[Black "Law, Andrew"]
[Result "1/2-1/2"]
[WhiteElo "2175"]
[BlackElo "2325"]
[PlyCount "50"]
[EventDate "1998.03.22"]

1. e4 c5 2. Nc3 Nc6 3. d3 Nf6 4. g3 d5 5. exd5 Nxd5 6. Bg2 Nxc3 7. bxc3 g6 8.
Ne2 Bg7 9. O-O O-O 10. Rb1 Qc7 11. c4 b6 12. Bd2 Bb7 13. Nc3 Nd4 14. Nd5 Qd7
15. Bg5 f6 16. Be3 e6 17. c3 exd5 18. cxd4 cxd4 19. Bxd4 dxc4 20. Bxb7 Qxb7 21.
dxc4 Rad8 22. c5 Qd5 23. Be3 bxc5 24. Qxd5+ Rxd5 25. Rb7 Rf7 1/2-1/2

[Event "NCL978 SW Dragons-Wood Green"]
[Site "Rd8"]
[Date "1998.03.22"]
[Round "8.8"]
[White "Jackson, Sheila"]
[Black "Cast, Abigail"]
[Result "1/2-1/2"]
[WhiteElo "2150"]
[BlackElo "2120"]
[PlyCount "65"]
[EventDate "1998.03.22"]

1. e4 e6 2. d4 d5 3. Nd2 Nf6 4. e5 Nfd7 5. Bd3 c5 6. c3 Nc6 7. Ne2 Qb6 8. Nf3
cxd4 9. cxd4 f6 10. exf6 Nxf6 11. O-O Bd6 12. Nc3 O-O 13. Re1 Bd7 14. Bg5 Ng4
15. Bh4 g6 16. Bf1 Rxf3 17. Qxf3 Nxh2 18. Qd3 Rf8 19. Be2 Nxd4 20. Rad1 Nf5 21.
Bg5 Bg3 22. Be3 Nxe3 23. fxe3 Bxe1 24. Rxe1 Qd6 25. e4 Qf4 26. Qd4 Qg3 27. Rd1
Ng4 28. Bxg4 Qxg4 29. exd5 Qxd4+ 30. Rxd4 exd5 31. Nxd5 Be6 32. a3 Kg7 33. Nc7
1/2-1/2

[Event "NCL978 BCM-Northumbria"]
[Site "Rd9"]
[Date "1998.05.23"]
[Round "9.1"]
[White "Rogers, Ian"]
[Black "Waters, Clive"]
[Result "1-0"]
[WhiteElo "2570"]
[BlackElo "2180"]
[PlyCount "68"]
[EventDate "1998.05.23"]

1. e4 c5 2. Nf3 d6 3. d4 cxd4 4. Nxd4 Nf6 5. Nc3 g6 6. Be3 Bg7 7. f3 Nc6 8. Qd2
h5 9. O-O-O Bd7 10. Kb1 a6 11. h3 b5 12. Be2 Rb8 13. Nd5 Nxd5 14. exd5 Na5 15.
b3 Qc7 16. g4 Nb7 17. f4 Nc5 18. Bf3 Na4 19. bxa4 bxa4+ 20. Ka1 hxg4 21. hxg4
Rxh1 22. Rxh1 a3 23. Rb1 Rxb1+ 24. Kxb1 Qc4 25. Nb3 Bb5 26. Bd4 Bxd4 27. Nxd4
Ba4 28. f5 Qf1+ 29. Bd1 gxf5 30. gxf5 Qc4 31. Nb3 Qf1 32. Qd3 Qe1 33. f6 Bb5
34. Qd4 Be2 1-0

[Event "NCL978 BCM-Northumbria"]
[Site "Rd9"]
[Date "1998.05.23"]
[Round "9.2"]
[White "Pert, Nicholas"]
[Black "Chandler, Murray"]
[Result "1-0"]
[WhiteElo "2320"]
[BlackElo "2555"]
[PlyCount "79"]
[EventDate "1998.05.23"]

1. d4 d5 2. Nf3 c5 3. c4 e6 4. cxd5 exd5 5. Nc3 Nc6 6. dxc5 d4 7. Na4 b5 8.
cxb6 axb6 9. e3 Bb4+ 10. Bd2 d3 11. Bxb4 Nxb4 12. Nd4 Nf6 13. Nc3 O-O 14. Bxd3
Nxd3+ 15. Qxd3 Ba6 16. Ncb5 Re8 17. O-O Re5 18. a4 Bb7 19. f3 Nd5 20. e4 Nf4
21. Qd2 Qf6 22. Nf5 Ne6 23. Nbd6 Ba6 24. f4 Rc5 25. e5 Qd8 26. b4 Rc7 27. Rfd1
h5 28. b5 Bb7 29. Nxb7 Qxd2 30. Rxd2 Rxb7 31. g3 Nc5 32. Rc2 Rba7 33. Ne3 Nb3
34. Ra3 Nd4 35. Rc4 Rd7 36. Kf2 Ne6 37. Ra2 Kf8 38. Rc6 Nd4 39. Rxb6 Rc8 40.
Rd6 1-0

[Event "NCL978 BCM-Northumbria"]
[Site "Rd9"]
[Date "1998.05.23"]
[Round "9.3"]
[White "Mestel, Jonathan"]
[Black "Richardson, John"]
[Result "1-0"]
[WhiteElo "2480"]
[BlackElo "2315"]
[PlyCount "83"]
[EventDate "1998.05.23"]

1. c4 e5 2. Nc3 Nf6 3. Nf3 Nc6 4. e4 Bb4 5. d3 Bxc3+ 6. bxc3 d6 7. g3 O-O 8.
Bg2 a6 9. Nd2 Bg4 10. Qc2 Qc8 11. h3 Bd7 12. Ba3 b6 13. Nf1 Nd8 14. Ne3 Nb7 15.
f4 Nh5 16. fxe5 Nxg3 17. Rg1 Nh5 18. Nd5 Qd8 19. Qf2 f5 20. exd6 cxd6 21. e5
Nc5 22. Bxc5 bxc5 23. exd6 Re8+ 24. Ne7+ Rxe7+ 25. dxe7 Qxe7+ 26. Kf1 Rf8 27.
Re1 Qf6 28. Bd5+ Kh8 29. Qxc5 f4 30. Be6 f3 31. Bxd7 f2 32. Qxf8+ Qxf8 33. Re8
fxg1=Q+ 34. Kxg1 Qxe8 35. Bxe8 Nf4 36. c5 Kg8 37. c6 Ne6 38. Kf2 Kf8 39. Bd7
Nc7 40. Ke3 Ke7 41. c4 a5 42. d4 1-0

[Event "NCL978 BCM-Northumbria"]
[Site "Rd9"]
[Date "1998.05.23"]
[Round "9.4"]
[White "Pert, Richard"]
[Black "Wall, Tim"]
[Result "0-1"]
[WhiteElo "2235"]
[BlackElo "2375"]
[PlyCount "106"]
[EventDate "1998.05.23"]

1. d4 Nf6 2. Nc3 e6 3. e4 d5 4. Bg5 Bb4 5. e5 h6 6. Bd2 Bxc3 7. Bxc3 Ne4 8. Bd2
c5 9. Be3 Nc6 10. f3 cxd4 11. Bxd4 Qh4+ 12. g3 Nxg3 13. Bf2 Qb4+ 14. c3 Qxb2
15. Bxg3 Qxc3+ 16. Kf2 Nxe5 17. Bxe5 Qxe5 18. Bb5+ Ke7 19. Ne2 d4 20. Qd3 a6
21. Ba4 Rd8 22. Rad1 b5 23. Bb3 Bb7 24. Nxd4 Rac8 25. h4 Qf4 26. Qe3 Qxe3+ 27.
Kxe3 Rc3+ 28. Kf2 Kf6 29. Rh3 e5 30. Ne2 Rxd1 31. Nxc3 Rd3 32. Ne2 a5 33. Rg3
a4 34. Bc2 Rd2 35. Bb1 b4 36. Rg4 Rb2 37. Bd3 Bd5 38. a3 Rb3 39. Be4 Be6 40.
Rg1 Rxa3 41. Rb1 Rb3 42. Ra1 a3 43. Ng3 Rb2+ 44. Ke3 a2 45. Bd3 Rg2 46. Ne4+
Ke7 47. Nc5 Bd5 48. Na4 b3 49. Be2 Rh2 50. Nb2 Rxh4 51. Kd3 Rh2 52. Ke3 g5 53.
Rc1 Kd6 0-1

[Event "NCL978 BCM-Northumbria"]
[Site "Rd9"]
[Date "1998.05.23"]
[Round "9.5"]
[White "Bellin, Robert"]
[Black "Ledger, David"]
[Result "1-0"]
[WhiteElo "2365"]
[BlackElo "2255"]
[PlyCount "63"]
[EventDate "1998.05.23"]

1. e4 e5 2. Nf3 Nc6 3. Bb5 a6 4. Ba4 Nf6 5. O-O Nxe4 6. d4 b5 7. Bb3 d5 8. dxe5
Be6 9. a4 b4 10. a5 Nc5 11. Bg5 Be7 12. Bxe7 Nxe7 13. Qd4 Nxb3 14. cxb3 Rb8 15.
Rc1 O-O 16. Nbd2 f6 17. Qa7 c6 18. Nd4 Qd7 19. Qxd7 Bxd7 20. e6 Be8 21. f4 Rc8
22. Rc5 Bg6 23. Rac1 Bd3 24. Nxc6 Nxc6 25. Rxc6 Rxc6 26. Rxc6 g5 27. g3 gxf4
28. gxf4 Rd8 29. Nf3 Bb5 30. Rb6 d4 31. e7 Rd5 32. Rxb5 1-0

[Event "NCL978 BCM-Northumbria"]
[Site "Rd9"]
[Date "1998.05.23"]
[Round "9.6"]
[White "Dighton, Simon"]
[Black "Cafferty, Bernard"]
[Result "0-1"]
[WhiteElo "2128"]
[BlackElo "2200"]
[PlyCount "82"]
[EventDate "1998.05.23"]

1. e4 Nf6 2. e5 Nd5 3. d4 d6 4. Nf3 g6 5. c4 Nb6 6. exd6 cxd6 7. Be3 Bg7 8. Be2
O-O 9. Nc3 Nc6 10. O-O Bg4 11. b3 e6 12. Qd2 d5 13. c5 Nc8 14. b4 a6 15. Rab1
N8e7 16. b5 axb5 17. Nxb5 Nf5 18. Rfd1 Bxf3 19. Bxf3 Ra4 20. g4 Nfxd4 21. Nxd4
Nxd4 22. Bg2 Qe7 23. Rb4 Rxb4 24. Qxb4 Nc2 25. Qb6 Nxe3 26. fxe3 Rc8 27. e4 d4
28. Qd6 Qxd6 29. cxd6 Be5 30. Rb1 Bxd6 31. e5 Bxe5 32. Bxb7 Rc2 33. a4 Bxh2+
34. Kf1 Ra2 35. Bc6 Bf4 36. Rb7 Be3 37. Be8 Rf2+ 38. Ke1 d3 39. Rd7 d2+ 40. Kd1
Rf1+ 41. Ke2 Re1+ 0-1

[Event "NCL978 BCM-Northumbria"]
[Site "Rd9"]
[Date "1998.05.23"]
[Round "9.7"]
[White "Edwards, Ray"]
[Black "Ledger, Stephen"]
[Result "0-1"]
[WhiteElo "2080"]
[BlackElo "2225"]
[PlyCount "74"]
[EventDate "1998.05.23"]

1. d4 Nf6 2. c4 c5 3. d5 b5 4. cxb5 a6 5. bxa6 Bxa6 6. Nc3 g6 7. Nf3 d6 8. e4
Bxf1 9. Kxf1 Bg7 10. g3 O-O 11. Kg2 Nbd7 12. h3 Qb6 13. Re1 Ne8 14. Qc2 Nc7 15.
Bd2 e6 16. Rad1 Rfe8 17. b3 exd5 18. exd5 Nf6 19. Rxe8+ Rxe8 20. Be3 Qb4 21.
Qd3 Nd7 22. Bd2 Qb7 23. Qc4 Nb6 24. Qd3 Nbxd5 25. Nxd5 Nxd5 26. Be1 Re5 27. Kh2
Rf5 28. Nh4 Rh5 29. Ng2 Be5 30. f4 Bd4 31. g4 Rh6 32. Qf3 {#} Nxf4 33. Qxf4 Be5
34. Qxe5 dxe5 35. Rd8+ Kg7 36. Bc3 Rxh3+ 37. Kxh3 Qf3+ 0-1

[Event "NCL978 Bristol-Invicta Kts"]
[Site "Rd9"]
[Date "1998.05.23"]
[Round "9.1"]
[White "Ansell, Simon"]
[Black "Sadler, Matthew"]
[Result "0-1"]
[WhiteElo "2385"]
[BlackElo "2650"]
[PlyCount "55"]
[EventDate "1998.05.23"]

1. e4 c5 2. Nf3 d6 3. Bb5+ Nd7 4. d4 Ngf6 5. Nc3 a6 6. Bxd7+ Nxd7 7. Bg5 h6 8.
Bh4 g5 9. Bg3 Bg7 10. dxc5 Nxc5 11. e5 g4 12. Nh4 Qa5 13. O-O dxe5 14. Re1 f6
15. Ng6 Rh7 16. Nd5 e6 17. Nde7 Qd8 18. Qxg4 h5 19. Qc4 Qd4 20. Qe2 Bd7 21.
Rad1 Qxb2 22. h4 Qc3 23. Rd6 Ba4 24. Red1 Bb5 25. Qe3 Qxe3 26. fxe3 Bh6 27. Bf2
Rxe7 28. Nxe7 0-1

[Event "NCL978 Bristol-Invicta Kts"]
[Site "Rd9"]
[Date "1998.05.23"]
[Round "9.3"]
[White "Copeland, Graham"]
[Black "McDonald, Neil"]
[Result "0-1"]
[WhiteElo "2330"]
[BlackElo "2485"]
[PlyCount "66"]
[EventDate "1998.05.23"]

1. d4 d5 2. Nf3 Nf6 3. c4 c6 4. Nc3 e6 5. Bg5 h6 6. Bxf6 Qxf6 7. e3 Nd7 8. a3
g6 9. cxd5 exd5 10. Be2 Bg7 11. O-O O-O 12. b4 Qd6 13. Qb3 f5 14. b5 Kh7 15.
Rac1 Re8 16. Bd3 Nf6 17. bxc6 bxc6 18. Ne5 c5 19. Nb5 Qb6 20. Qa4 c4 21. Be2
Ne4 22. Nc3 Be6 23. f4 Qd6 24. Nxe4 fxe4 25. Rb1 Reb8 26. Qa5 Rb6 27. Rxb6 Qxb6
28. Qc3 Rb8 29. Bd1 Qb2 30. Qxb2 Rxb2 31. Ba4 Re2 32. Be8 Bxe5 33. fxe5 c3 0-1

[Event "NCL978 Bristol-Invicta Kts"]
[Site "Rd9"]
[Date "1998.05.23"]
[Round "9.4"]
[White "Ledger, Andrew"]
[Black "Collier, David"]
[Result "1/2-1/2"]
[WhiteElo "2460"]
[BlackElo "2230"]
[PlyCount "47"]
[EventDate "1998.05.23"]

1. e4 c5 2. Nc3 Nc6 3. g3 g6 4. d3 Bg7 5. Be3 d6 6. Qd2 e6 7. Bg2 Rb8 8. Nf3 b5
9. d4 b4 10. Ne2 Na5 11. b3 Nf6 12. e5 Ne4 13. Qd3 d5 14. dxc5 Qc7 15. O-O Nxc5
16. Qd4 Nd7 17. Qxa7 Qxa7 18. Bxa7 Ra8 19. Bd4 Ba6 20. Rfe1 Nc6 21. c4 dxc4 22.
bxc4 Rc8 23. Rac1 O-O 24. c5 1/2-1/2

[Event "NCL978 Bristol-Invicta Kts"]
[Site "Rd9"]
[Date "1998.05.23"]
[Round "9.5"]
[White "Rudd, Jack"]
[Black "Ivanov, Alexei"]
[Result "1-0"]
[WhiteElo "2165"]
[BlackElo "2440"]
[PlyCount "99"]
[EventDate "1998.05.23"]

1. e4 d5 2. exd5 Qxd5 3. Nf3 Nf6 4. d4 Bg4 5. Be2 Nc6 6. c4 Qd6 7. d5 Bxf3 8.
gxf3 Ne5 9. Nc3 a6 10. Be3 e6 11. c5 Qd7 12. f4 Ng6 13. Qb3 Nxd5 14. Qxb7 Rd8
15. Qxa6 Nb4 16. Qb7 Nc2+ 17. Kf1 c6 18. Qxd7+ Rxd7 19. Rc1 Nxe3+ 20. fxe3 Bxc5
21. Nd1 Ba7 22. Rxc6 O-O 23. Ke1 Rfd8 24. Rf1 Nh4 25. Rf2 g6 26. b4 Nf5 27. Rf3
Nh4 28. Rg3 Nf5 29. Rh3 Rd2 30. Ra6 R2d7 31. a4 Rb8 32. b5 Bc5 33. Rc6 Bb4+ 34.
Kf2 Nd6 35. Kf3 f5 36. Nf2 Ra7 37. Bd1 Ne4 38. Nxe4 fxe4+ 39. Kxe4 Kg7 40. Rxe6
Rc8 41. Bb3 Rc3 42. b6 Re7 43. Rxe7+ Bxe7 44. Bd5 Bc5 45. b7 Ba7 46. Ke5 Ra3
47. Bc6 Rd3 48. Bb5 Bb8+ 49. Ke4 Rd2 50. Rg3 1-0

[Event "NCL978 Bristol-Invicta Kts"]
[Site "Rd9"]
[Date "1998.05.23"]
[Round "9.6"]
[White "Flear, Glenn"]
[Black "Buckley, Simon"]
[Result "1-0"]
[WhiteElo "2445"]
[BlackElo "2105"]
[PlyCount "83"]
[EventDate "1998.05.23"]

1. d4 Nf6 2. c4 g6 3. Nc3 Bg7 4. e4 d6 5. h3 O-O 6. Bg5 h6 7. Be3 Na6 8. Qd2
Kh7 9. Bd3 c5 10. d5 e6 11. Nf3 exd5 12. cxd5 Re8 13. O-O Nc7 14. a4 Rb8 15.
Rab1 Na6 16. Rbd1 Nb4 17. Bb1 Nd7 18. Rfe1 Nb6 19. b3 Bxh3 20. gxh3 Qf6 21. Nd4
Nd7 22. f4 cxd4 23. Bxd4 Qh4 24. Bxg7 Kxg7 25. Kg2 Nf6 26. Qd4 Qxf4 27. Rf1
Qg5+ 28. Kh1 Na6 29. Rf3 Nc5 30. Rdf1 Ncd7 31. Nb5 Qe5 32. Qb4 Re7 33. Nxd6 a5
34. Qa3 Kf8 35. Nc4 Qd4 36. e5 Nxe5 37. Nxe5 Qxe5 38. Rxf6 Qxd5+ 39. R6f3 Rbe8
40. Bd3 Kg8 41. Bc4 Qe4 42. Qd6 1-0

[Event "NCL978 Bristol-Invicta Kts"]
[Site "Rd9"]
[Date "1998.05.23"]
[Round "9.7"]
[White "Buckley, David"]
[Black "Gormally, Danny"]
[Result "0-1"]
[WhiteElo "2115"]
[BlackElo "2415"]
[PlyCount "68"]
[EventDate "1998.05.23"]

1. e4 c5 2. Nc3 Nc6 3. Nge2 d6 4. d4 cxd4 5. Nxd4 Nf6 6. Bc4 Qb6 7. Nb3 e6 8.
Bg5 Be7 9. Bxf6 gxf6 10. Qh5 Bd7 11. a4 a6 12. a5 Qc7 13. Na4 Ne5 14. Nb6 Nxc4
15. Nxa8 Qc8 16. Qe2 Bb5 17. Nd4 Qxa8 18. Nxb5 axb5 19. b3 Ne5 20. Qxb5+ Kf8
21. O-O Kg7 22. Rfe1 Rd8 23. c4 Qc8 24. a6 bxa6 25. Rxa6 Qc5 26. Qa4 Rb8 27.
Re3 Ng4 28. Rf3 Qd4 29. Qa1 Qxe4 30. Rg3 Kf8 31. c5 Qf4 32. c6 Bd8 33. Qd1
Qxf2+ 34. Kh1 Qxg3 0-1

[Event "NCL978 Bristol-Invicta Kts"]
[Site "Rd9"]
[Date "1998.05.23"]
[Round "9.8"]
[White "Flear, Christine"]
[Black "Buckley, Melanie"]
[Result "1-0"]
[WhiteElo "2240"]
[BlackElo "2010"]
[PlyCount "55"]
[EventDate "1998.05.23"]

1. d4 Nf6 2. Nf3 g6 3. g3 Bg7 4. Bg2 O-O 5. c4 c6 6. O-O d5 7. cxd5 cxd5 8. Nc3
e6 9. Bf4 Ne4 10. Qc2 Nxc3 11. Qxc3 Na6 12. b4 Bd7 13. a4 Rc8 14. Qb2 b5 15.
Ne5 Qe7 16. Rfb1 Bxe5 17. dxe5 Rc4 18. Qd2 f6 19. axb5 Bxb5 20. exf6 Qb7 21.
Be5 Nb8 22. Bh3 Bd7 23. b5 Re4 24. Qg5 Rxe2 25. Bd4 e5 26. Rxa7 Qxa7 27. Bxa7
Bxh3 28. Qh6 1-0

[Event "NCL978 Midland Ms-Barbican"]
[Site "Rd9"]
[Date "1998.05.23"]
[Round "9.1"]
[White "Hebden, Mark"]
[Black "Crouch, Colin"]
[Result "1-0"]
[WhiteElo "2585"]
[BlackElo "2410"]
[PlyCount "45"]
[EventDate "1998.05.23"]

1. d4 d5 2. c4 c6 3. Nf3 Nf6 4. e3 Bf5 5. cxd5 cxd5 6. Qb3 Qb6 7. Qxb6 axb6 8.
Nc3 e6 9. Bb5+ Nfd7 10. Ne5 Bd6 11. Nxd7 Nxd7 12. Bd2 Kd8 13. O-O Nf6 14. f3
Bg6 15. Rfc1 Ne8 16. Na4 Bc7 17. Bb4 f5 18. f4 Bh5 19. Rc2 g5 20. fxg5 h6 21.
g6 Bxg6 22. Be1 f4 23. Nxb6 1-0

[Event "NCL978 Midland Ms-Barbican"]
[Site "Rd9"]
[Date "1998.05.23"]
[Round "9.3"]
[White "Arkell, Keith"]
[Black "Dishman, Stephen"]
[Result "1/2-1/2"]
[WhiteElo "2445"]
[BlackElo "2325"]
[PlyCount "71"]
[EventDate "1998.05.23"]

1. d4 d6 2. Nf3 f5 3. b3 Nf6 4. Bb2 g6 5. e3 Bg7 6. Nbd2 O-O 7. Bd3 Nc6 8. O-O
e5 9. dxe5 Ng4 10. Nc4 Ngxe5 11. Ncxe5 Nxe5 12. Nxe5 Bxe5 13. Bxe5 dxe5 14.
Bc4+ Kg7 15. Qxd8 Rxd8 16. Rad1 Re8 17. f4 e4 18. Rd4 Kf6 19. Rfd1 Be6 20. h3
h5 21. Kf2 h4 22. g3 hxg3+ 23. Kxg3 Re7 24. Bxe6 Kxe6 25. b4 a6 26. a4 Rh8 27.
Rd8 Rh5 28. Rb8 Reh7 29. Rh1 g5 30. fxg5 Rxg5+ 31. Kf2 Rhg7 32. Rh2 Rd7 33. h4
Rg4 34. Kf1 Rd1+ 35. Ke2 Rgg1 36. Rg2 1/2-1/2

[Event "NCL978 Midland Ms-Barbican"]
[Site "Rd9"]
[Date "1998.05.23"]
[Round "9.4"]
[White "Kopec, Danny"]
[Black "Turner, Matthew"]
[Result "1/2-1/2"]
[WhiteElo "2390"]
[BlackElo "2470"]
[PlyCount "58"]
[EventDate "1998.05.23"]

1. e4 c5 2. Nf3 Nc6 3. Bb5 d6 4. O-O Bd7 5. c3 Nf6 6. Re1 Ne5 7. Bxd7+ Nfxd7 8.
d4 Nxf3+ 9. Qxf3 e6 10. dxc5 Nxc5 11. Na3 Be7 12. Bf4 e5 13. Be3 Ne6 14. Red1
O-O 15. Nc2 Qc8 16. Nb4 Nc7 17. a4 g6 18. Bh6 Rd8 19. Rd3 Qe6 20. Be3 Qc4 21.
Nd5 Nxd5 22. Rxd5 b6 23. g3 Rdb8 24. Rb5 Qc6 25. Rd1 a6 26. Rb4 b5 27. Ra1 a5
28. axb5 Rxb5 29. Qe2 axb4 1/2-1/2